| 000 | 00882nam0a22002651 4500 | ||
|---|---|---|---|
| 001 | RU\NLR\INFOCOMM_36\5000221713 | ||
| 005 | 20250613095020.0 | ||
| 035 | _a(NLR Aleph) 009282307 | ||
| 090 |
_a9168902 _c9168902 |
||
| 100 | _a20100922d1961 |||y0rusy50 ca | ||
| 101 | 0 | _ager | |
| 102 | _aRU | ||
| 105 | _aa ||||000|y | ||
| 200 | 1 |
_aDas Land aus dem Meeresschaum _fIwan Jefremow _gÜbers. von Hilde Eschwege |
|
| 210 |
_aΜ. _cVerl. für fremdsprachige Lit. _d1961 |
||
| 215 |
_a340 с. _cил. _d21 см |
||
| 300 | _aНа обороте тит. л.: Иван Ефремов. На краю Ойкумены | ||
| 686 |
_aДл450-4000 _2rubbk |
||
| 700 | 1 |
_9z02790 _aEfremov _bI. A. _f1907-1972 _gIvan Antonovič _4070 |
|
| 790 | 1 |
_9z02700 _aJefremow _bI. _gIwan _4070 |
|
| 801 | 1 |
_aRU _bNLR _c20100922 |
|
| 801 | 0 |
_aRU _bNLR _gPSBO |
|
| 852 |
_aNLR _jДл01 Г-3/792 |
||
| 942 | _cBOOK | ||
| 980 | _aNB | ||